Rozhodovanie v riadení priemyselného podniku

Gespeichert in:
Bibliographische Detailangaben
1. Verfasser: Jassinger, Alfréd
Weitere Verfasser: Pinka, Dušan
Format: Buch
Sprache:Slowakisch
Veröffentlicht: Bratislava Práca 1989
Ausgabe:1. vyd.
Tags: Tag hinzufügen
Keine Tags, Fügen Sie das erste Tag hinzu!

MARC

LEADER 00000nam a2200000 4500
001 c028609
005 20221215071430.9
041 0 |a slo 
044 |a SK 
245 1 0 |a Rozhodovanie v riadení priemyselného podniku  |c Alfréd Jassinger, Dušan Pinka 
250 |a 1. vyd. 
264 1 |a Bratislava  |b Práca  |c 1989 
300 |a 259 s. 
100 1 |a Jassinger, Alfréd 
700 1 |a Pinka, Dušan